| 000 | 00788nam a2200229Ii 4500 | ||
|---|---|---|---|
| 003 | JO-AjNU | ||
| 008 | 230605s9999||||xx |||||||||||||| ||und|| | ||
| 017 | _a2019/6/2857 | ||
| 020 | _a978-9923-28-009-6 | ||
| 040 |
_aJO-AjNU _bara _erda _cJO-AjNU |
||
| 041 | _aara | ||
| 050 | 1 | 4 | _aLB1025.3.Y375.2020 |
| 100 | 3 |
_aالياسري، نداء محمد باقر, _eauthor _959942 |
|
| 245 | 0 | 0 | _aالشامل في المناهج والاتجاهات الحديثة في التدريس |
| 250 | _aط1 | ||
| 264 | 3 | 1 | _aعمان: دار صفاء للنشر والتوزيع، 2020 |
| 300 | _a568ص | ||
| 336 |
_atext _btxt _2rdacontent |
||
| 337 |
_aunmediated _bn _2rdamedia |
||
| 338 |
_avolume _bnc _2rdacarrier |
||
| 650 | 4 |
_aطرق التدريس-المناهج-التدريس _959943 |
|
| 999 |
_aA27000 _c30568 _d30568 |
||